Flor nueva de romances viejos

محفوظ في:
التفاصيل البيبلوغرافية
التنسيق: كتاب
اللغة:الإسبانية
منشور في: Buenos Aires Espasa-Calpe 1962
الطبعة:13a. ed
الموضوعات:
الوسوم: إضافة وسم
لا توجد وسوم, كن أول من يضع وسما على هذه التسجيلة!

MARC

LEADER 00000nam a2200000 a 4500
001 UCQ5213
003 CL-VaPUC
005 20220427074634.0
008 980925e19620000AG |||||||||||||||||spa|d
999 |c 275428  |d 275426 
040 |c Pontificia Universidad Católica de Valparaíso 
082 0 4 |a 861  |b MEN  |2 21 
245 1 0 |a Flor nueva de romances viejos 
250 |a 13a. ed 
260 |a Buenos Aires  |b Espasa-Calpe  |c 1962 
300 |a 226 p 
583 |a last modification  |c 19980925 00:00:00  |k Rodrigo Vera 
650 0 |a Poesías españolas  |9 265100 
650 0 |a Literatura española  |9 306261 
942 |c BK  |2 ddc 
945 |d 19980925 00:00:00  |a crobeson 
952 |0 0  |1 0  |4 0  |6 861_000000000000000_MEN_1962  |7 0  |8 A  |9 312169  |a BIBEDU  |b BIBEDU  |d 2019-11-20  |i 1469185  |o 861 MEN 1962  |p 1469185  |r 2019-11-20  |w 2019-11-20  |y BK  |k LIT